Lógica.
Spremljeno u:
| Glavni autor: | |
|---|---|
| Daljnji autori: | |
| Format: | Knjiga |
| Izdano: |
México D.F., México:
Grijalbo,
1970.
|
| Serija: | Tratados y manuales grijalbo.
|
| Teme: | |
| Oznake: |
Dodaj oznaku
Bez oznaka, Budi prvi tko označuje ovaj zapis!
|
MARC
| LEADER | 00000nam a2200000 a 4500 | ||
|---|---|---|---|
| 001 | UCW6963 | ||
| 003 | CL-VaPUC | ||
| 005 | 20220822114544.0 | ||
| 008 | 220705t1970 ||||| |||| 00| 0 eng d | ||
| 999 | |c 436683 |d 436681 | ||
| 040 | |c Pontificia Universidad Católica de Valparaíso | ||
| 082 | 0 | 4 | |a 160 GOR 1970 |b |2 21 |
| 100 | |a Gorski, D. P |e autor |9 872178 | ||
| 245 | 1 | 0 | |a Lógica. |
| 260 | |a México D.F., México: |b Grijalbo, |c 1970. | ||
| 300 | |a 316 páginas. | ||
| 490 | |a Tratados y manuales grijalbo. | ||
| 500 | |a c.1 Donación Familia Prof. Alejandro Guzmán Brito. | ||
| 583 | |a last modification |c 19920729 00:00:00 |k Cristina María Rojas Aguilar | ||
| 650 | 0 | |a Lógica |9 256849 | |
| 700 | 0 | |a Tavants, P. V |e autor |9 312058 | |
| 942 | |c BK |2 ddc |n 0 | ||
| 952 | |0 0 |1 0 |2 ddc |4 0 |6 160_000000000000000_GOR_1970 |7 0 |8 C_AGB |9 584375 |a BIBDER |b BIBDER |d 2022-07-05 |e Donación |i 5652498 |o 160 GOR 1970 |p 5652498 |r 2023-01-25 |t 1 |w 2022-07-05 |y BK_US |k AGB | ||